000
00280nam a22001097a 4500
008
170116b xxu||||| |||| 00| 0 eng d
020
_a
9780805380514
041
_a
eng
080
_2
5TH
_a
618.2
245
_a
CONTEMPORARY MATERNAL-NEWBORN NURSING CARE
_c
LADEWIG, P.W
942
_2
udc
_c
BK
999
_c
2917
_d
2917